| 000 | 00704nam a2200217 a 4500 | ||
|---|---|---|---|
| 001 | 13174 | ||
| 003 | BD-JhCC | ||
| 005 | 20230717091222.0 | ||
| 008 | 230717s212 2021bg a|||| |||| 000 0 ben d | ||
| 020 | _a9789849080688 | ||
| 035 | _a(BD-JhCC) | ||
| 040 |
_aBD-JhCC _dBD-JhCC |
||
| 041 | _aben | ||
| 082 |
_a954.92 _bRAS 2021 |
||
| 100 | _aরাশদী, আন্দলিব | ||
| 245 |
_aবিদেশির চোখে ১৯৭১ / _cআন্দলিব রাশদী, |
||
| 260 |
_aঢাকা : _bনালন্দা, _c২০২১ |
||
| 300 |
_a৬০১ পৃ. : _bচিত্রাবলী; _c২১ সেমি. |
||
| 650 |
_aliberation war _zBangaldesh |
||
| 942 |
_2ddc _cBK |
||
| 999 |
_c13174 _d13174 |
||